| 000 | 01009nam a2200253 a 4500 | ||
|---|---|---|---|
| 001 | 000017828 | ||
| 003 | OSt | ||
| 005 | 20240228133748.0 | ||
| 008 | 100406s1998 dr 000 0 spa d | ||
| 040 |
_aDO-SdBNP _bspa _cBNPHU |
||
| 082 |
_a923.77293 _bC355s |
||
| 100 | 1 |
_aCastro Ventura, Santiago _91837 |
|
| 245 | 1 | 0 |
_aSalomé Ureña : _bjornada fecunda / _cSantiago Castro Ventura. |
| 260 |
_aSanto Domingo : _bDe Colores, _c1998. |
||
| 300 |
_a323 p. ; _c21 cm. |
||
| 504 | _aBibliografía : p. 223-230 | ||
| 505 | 0 | _aCapítulo 1 -- Obscurantismo -- Capítulo 2 -- La trovadora del Ozama -- Capítulo 3 -- Educadora militante -- Capítulo 4 -- Desvelos maternales -- Capítulo 5 -- Familia Henríquez Ureña. | |
| 590 | _aInventariado, 2020/MFF | ||
| 600 | 1 | 0 |
_aUreña de Henríquez, Salomé , _d1850-1897 _9920 |
| 650 | 4 |
_aPoetisas dominicanas _vBiografías _938728 |
|
| 650 | 4 |
_aMaestros _zRepública Dominicana _vBiografías _938729 |
|
| 910 | _aValidado. Control de calidad MFF | ||
| 942 |
_2ddc _cLBS1 |
||
| 999 |
_c17352 _d17352 |
||